000 01133 a2200289 4500
001 26167
005 20260407155543.0
008 260407a1979 arg spa d
003 AR-UNSa-BCEJYS
040 _aAR-UNSa-BCEJYS
_bspa
_cAR-UNSa-BCEJYS
080 _a658.15
_xAdministración financiera privada. Gestión financiera de empresas
245 1 0 _aAdministración financiera
_pprimera parte
264 1 _aBuenos Aires :
_bEdiciones Macchi
_c1979
300 _a138 p.
_c22 cm.
505 _a1. La función financiera - 2. Cálculo financiero - 3. Instrumentos para el análisis y control financiero - 4. El costo de capital - 5. El costo de capital.
942 _cBK
590 _aniveau_biblio:m niveau_hierar:0
100 1 _aBasagaña, Eduardo J.
700 1 _aGonzalez Dosil, Roberto
700 1 _aRosenzvaig, Alfredo
700 1 _aBarboza, Guillermo E.
700 1 _aBaigun, Alberto
700 1 _aGroll, Simon A.
700 1 _aBaer, Carlos A.
700 1 _aDesouches, Gerardo
856 4 1 _uhttps://biblioeco.unsa.edu.ar/pmb/images/libros/Administracion%20Financiera%203ed%20v1.jpg
_yImagen de portada
_qimage/jpeg
999 _c1445
_d1445